00782nam a22002297a 450000500170000001000130001702000220003003500130005203700160006504000120008108200150009310000210010824500660012926000420019527000420023730000280027965000330030765000470034094200240038799900190041195201220043020170124110107.0 aA-481552 c00.00a8170621429 aA-481552 bCen Lib/Ret aDPLbEN a956.7bNAI aNair, V K928388 aWar in the Gulf :cby V K Nairblessons for the Third World / bLancer Internationalc1991aNew Delhi aB-3, Gulmohar ParkbNew Delhie110049 a231p. :c20cm(Hb)bill. aPersian Gulf War, 199197769 aRole of electronics in the Gulf War928389 2ddccENh956.7mNAI c130138d130138 00104070aLbLd2015-07-08eCen Lib/Retg0.00l0o956.7 NAIpA-481552r2015-07-08 00:00:00t1v0.00w2015-07-08yEN